| 000 | 00437nam a22001577a 4500 | ||
|---|---|---|---|
| 020 | _a978-81-7381-725 | ||
| 082 |
_a823 _bDUM/M |
||
| 100 | _aALEXANDRE DUMAS | ||
| 245 |
_aTHE MAN IN THE IRON MASK _bADAPTED BY TERRY O'BRIEN |
||
| 246 |
_aTHE MAN IN THE IRON MASK _bADAPTED BY TERRY O'BRIEN |
||
| 260 |
_aNEW CENTRAL BOOK AGENCY (;P) LTD _bKOLKATA _c2012 |
||
| 300 | _a180 | ||
| 520 | _aSHORT STORY | ||
| 650 | _aSHORT STORY | ||
| 942 | _cBK | ||
| 999 |
_c2969 _d2969 |
||